• 首页
  • 本馆介绍
  • 公告通知
  • 最新文献
  • 馆藏检索
  • 电子资源
  • 读者导购
  • 参考咨询
  • 我的图书馆
  • 登录
  • 详细信息显示
  • 放入我的书架
  • 预约/预借图书
  • 作者相关作品
  • 分类相关作品
  • 丛书相关作品
  • 出版社相关作品

书目信息

  • 表格格式
  • 工作单格式
  • 卡片格式
题名:
欧阳山评传
    
 
作者: 田海蓝 著
分册:  
出版信息: 北京   中国文史出版社  2008
页数: 569页
开本: 21cm
丛书名:
单 册:
中图分类: K825.6=76 , I206.7
科图分类:
主题词: 评传 , 文学--中国
电子资源:
ISBN: 978-7-5034-2167-9
000 01028nam0 2200313 450
001 1358106000
005 20131010160920.70
010    @a978-7-5034-2167-9@dCNY180.00(全套)
090    @aK825.6=76@bthl
096    @aK825.6@bthl
100    @a20090313d2008 em y0chiy50 ea
101 0  @achi
102    @aCN@b110000
105    @aa z 000yb
106    @ar
200 1  @a欧阳山评传@b专著@f田海蓝著@Aou yang shan ping zhuan
210    @a北京@c中国文史出版社@d2008
215    @a569页@c照片@d21cm
300    @a百年欧阳山/余飘,李天平,欧阳代娜主编
330    @a欧阳山是我国“五·四”以来新文学和新中国文学的重要代表人物之一,是华南文学的领军人物。本书作者是欧阳山的亲外孙女,书中她回顾了欧阳山漫长的生活道路和创作道路。
600  0 @a欧阳山
600  0 @a欧阳山@x评传
606 0  @a评传
606 0  @a文学@x中国
690    @aK825.6=76@v4
690    @aI206.7@v4
701  0 @a田海蓝@c(女)@4著@Atian hai lan
801  0 @aCN@b大连网信软件有限公司图书馆·11@c20131010
905    @aZUCC@dI206.7@e282:2
    
    欧阳山评传/田海蓝著.-北京:中国文史出版社,2008
    569页:照片;21cm
    百年欧阳山/余飘,李天平,欧阳代娜主编
    
    ISBN 978-7-5034-2167-9:CNY180.00(全套)
    欧阳山是我国“五·四”以来新文学和新中国文学的重要代表人物之一,是华南文学的领军人物。本书作者是欧阳山的亲外孙女,书中她回顾了欧阳山漫长的生活道路和创作道路。
●
相关链接 在E读中查询图书 在五车中查询图书 在当当中查询图书 在豆瓣中查询图书


正题名:欧阳山评传     索取号:I206.7/282:2         预约/预借

序号 登录号 条形码 馆藏地/架位号 状态 备注
1 0625704   206257049   第一样本阅览室/ [索取号:I206.7/282:2] 在馆    
唐山师范学院图书馆 欢迎您!
大连网信软件有限公司© 版权所有